<?xml version="1.0" encoding="UTF-8"?>
<record
    xmlns:xsi="http://www.w3.org/2001/XMLSchema-instance"
    xsi:schemaLocation="http://www.loc.gov/MARC21/slim http://www.loc.gov/standards/marcxml/schema/MARC21slim.xsd"
    xmlns="http://www.loc.gov/MARC21/slim">

  <leader>02637nam a2200361 a 4500</leader>
  <controlfield tag="001">dia_842</controlfield>
  <controlfield tag="003">CHAP</controlfield>
  <controlfield tag="005">20260216124804.0</controlfield>
  <controlfield tag="007">ta</controlfield>
  <controlfield tag="008">220117s2025    sp abcogs     001 0 spa d</controlfield>
  <datafield tag="010" ind1=" " ind2=" ">
    <subfield code="a">171391</subfield>
  </datafield>
  <datafield tag="020" ind1=" " ind2=" ">
    <subfield code="a">979-13-87556-25-9</subfield>
  </datafield>
  <datafield tag="040" ind1=" " ind2=" ">
    <subfield code="c">CHAP</subfield>
    <subfield code="a">mxchpua</subfield>
    <subfield code="e">rda</subfield>
  </datafield>
  <datafield tag="050" ind1="1" ind2=" ">
    <subfield code="b">.O78 C54 2025</subfield>
  </datafield>
  <datafield tag="082" ind1=" " ind2=" ">
    <subfield code="2">20</subfield>
    <subfield code="a">808.849356</subfield>
    <subfield code="b">O78 C54 2025</subfield>
  </datafield>
  <datafield tag="100" ind1="1" ind2=" ">
    <subfield code="a">Ortega, Mireia</subfield>
    <subfield code="9">191609</subfield>
  </datafield>
  <datafield tag="245" ind1="1" ind2="3">
    <subfield code="a">La ciencia y el azar :</subfield>
    <subfield code="b">la historia de los descubrimientos casuales que cambiaron el mundo /</subfield>
    <subfield code="c">Mireia Ortega</subfield>
  </datafield>
  <datafield tag="250" ind1=" " ind2=" ">
    <subfield code="a">1a edici&#xF3;n</subfield>
  </datafield>
  <datafield tag="300" ind1=" " ind2=" ">
    <subfield code="a">210 p&#xE1;ginas :</subfield>
    <subfield code="b">ilustraciones, mapas, fotos</subfield>
  </datafield>
  <datafield tag="504" ind1=" " ind2=" ">
    <subfield code="a">Bibliograf&#xED;a: p&#xE1;ginas 198-209</subfield>
  </datafield>
  <datafield tag="520" ind1="2" ind2=" ">
    <subfield code="a">&#xBF;Qu&#xE9; tienen en com&#xFA;n el descubrimiento de la penicilina, los rayos X y el velcro? Todos ellos son fruto del azar, de ese momento m&#xE1;gico en que un cient&#xED;fico se encuentra inesperadamente con algo completamente diferente de lo que buscaba inicialmente.
La nueva obra de la divulgadora Mireia Ortega nos sumerge en un fascinante recorrido por algunos de los descubrimientos m&#xE1;s importantes de la historia de la ciencia que surgieron por pura casualidad. Desde 1669 con el descubrimiento del f&#xF3;sforo blanco hasta finales 1998 con el desarrollo inesperado de la viagra, el libro nos muestra c&#xF3;mo la serendipia juega un papel fundamental en el progreso cient&#xED;fico.
A trav&#xE9;s de catorce cap&#xED;tulos que recorren m&#xE1;s de tres siglos de historia, La ciencia y el azar desmitifica la idea de que los grandes descubrimientos son resultado &#xFA;nicamente de una planificaci&#xF3;n meticulosa. Cada cap&#xED;tulo nos revela c&#xF3;mo las coincidencias combinadas con la preparaci&#xF3;n y el ojo cr&#xED;tico y perspicaz de los investigadores pueden transformar un simple accidente en un avance revolucionario. Se trata de un homenaje a la curiosidad, la observaci&#xF3;n y ese punto de suerte que a veces marca la diferencia entre un experimento rutinario y un hallazgo que altera el transcurso de la historia.
Un libro imprescindible para los amantes de la ciencia, que nos recuerda que a veces la verdadera innovaci&#xF3;n surge cuando menos lo esperamos.</subfield>
  </datafield>
  <datafield tag="650" ind1="1" ind2="0">
    <subfield code="a">Ensayo  </subfield>
    <subfield code="x">atg</subfield>
    <subfield code="9">153131</subfield>
  </datafield>
  <datafield tag="650" ind1="1" ind2="0">
    <subfield code="a">Literatura espa&#xF1;ola</subfield>
    <subfield code="x">Siglo XXI  </subfield>
    <subfield code="9">160139</subfield>
    <subfield code="2">atg</subfield>
  </datafield>
  <datafield tag="650" ind1="1" ind2="0">
    <subfield code="a">Ciencia</subfield>
    <subfield code="2">atg</subfield>
    <subfield code="x">Casualidad</subfield>
    <subfield code="9">23107</subfield>
  </datafield>
  <datafield tag="650" ind1="1" ind2="0">
    <subfield code="a">Essay  </subfield>
    <subfield code="2">atg</subfield>
    <subfield code="9">153132</subfield>
  </datafield>
  <datafield tag="650" ind1="1" ind2="0">
    <subfield code="a">Spanish literature</subfield>
    <subfield code="y">21st century  </subfield>
    <subfield code="2">atg</subfield>
    <subfield code="9">160141</subfield>
  </datafield>
  <datafield tag="650" ind1="1" ind2="0">
    <subfield code="a">Science</subfield>
    <subfield code="2">atg</subfield>
    <subfield code="x">Chance</subfield>
    <subfield code="9">191611</subfield>
  </datafield>
  <datafield tag="856" ind1="4" ind2="1">
    <subfield code="y">LIBRO EN PDF</subfield>
    <subfield code="u">http://10.13.5.2/libros/ISBN_979-13-87556-25-9.pdf</subfield>
  </datafield>
  <datafield tag="901" ind1=" " ind2=" ">
    <subfield code="a">808.849356 O54 C54 2025</subfield>
  </datafield>
  <datafield tag="902" ind1=" " ind2=" ">
    <subfield code="a">M</subfield>
  </datafield>
  <datafield tag="905" ind1=" " ind2=" ">
    <subfield code="a">0000001982                          mx     0000000000spa00</subfield>
  </datafield>
  <datafield tag="942" ind1=" " ind2=" ">
    <subfield code="c">E-LIBRO</subfield>
    <subfield code="2">ddc</subfield>
  </datafield>
  <datafield tag="999" ind1=" " ind2=" ">
    <subfield code="c">171391</subfield>
    <subfield code="d">171391</subfield>
  </datafield>
  <datafield tag="952" ind1=" " ind2=" ">
    <subfield code="0">0</subfield>
    <subfield code="1">0</subfield>
    <subfield code="2">ddc</subfield>
    <subfield code="4">0</subfield>
    <subfield code="7">0</subfield>
    <subfield code="8">LIT</subfield>
    <subfield code="a">IA_</subfield>
    <subfield code="b">IA_</subfield>
    <subfield code="e">Donaci&#xF3;n</subfield>
    <subfield code="i">Donaci&#xF3;n</subfield>
    <subfield code="l">0</subfield>
    <subfield code="o">808.849356 O78 C54 2025</subfield>
    <subfield code="p">1208016377</subfield>
    <subfield code="r">2022-01-18 00:00:00</subfield>
    <subfield code="y">OA-LIBRO</subfield>
  </datafield>
</record>
